Nearest Major Australian City - Statistics

General Stats
  • This quiz has been taken 17 times
  • The average score is 8 of 15
Answer Stats
Town City % Correct
Gold Coast Brisbane
100%
Geelong Melbourne
100%
Wollongong Sydney
100%
Fremantle Perth
94%
Queanbeyan Canberra
71%
Byron Bay Gold Coast
65%
Port Arthur Hobart
53%
Port Douglas Cairns
47%
Victor Harbor Adelaide
41%
Lake Macquarie Newcastle
29%
Yeppoon Rockhampton
29%
Busselton Bunbury
24%
Lakes Entrance Bairnsdale
18%
Ayr Townsville
18%
Grafton Coffs Harbour
12%
No matching quizzes found
Score Distribution
Percent of People with Each Score
Percentile by Number Answered
Your Score History
You have not taken this quiz